000 00932pam a2200265 a 4500
001 4733978
003 OSt
005 20180117090002.0
008 841120s1986 ilua b 001 0 eng
010 _a 84027522
020 _a0673165744 (pbk.) :
_c$14.95
040 _aDLC
_cDLC
_dDLC
050 0 0 _aHB171.5
_b.T546 1986
082 0 0 _a330
_219
100 1 _aTinari, Frank D.,
_d1943-
245 1 0 _aEconomics, the options for dealing with scarcity /
_cFrank D. Tinari.
260 _aGlenview, Ill. :
_bScott, Foresman and Co.,
_cc1986.
300 _a492 p. :
_bill. (some col.) ;
_c23 cm.
500 _a"16574"--Cover p. 4.
504 _aIncludes bibliographical references and index.
650 0 _aEconomics.
906 _a7
_bcbc
_corignew
_d1
_eocip
_f19
_gy-gencatlg
942 _2ddc
_cBK
999 _c3249
_d3249